-
Staf of New York institute of Finance
Entry Personal Name
Number of records used in: 1
001 - CONTROL NUMBER
003 - CONTROL NUMBER IDENTIFIER
005 - DATE AND TIME OF LATEST TRANSACTION
- control field:
20180313121334.0
008 - FIXED-LENGTH DATA ELEMENTS
- fixed length control field:
180313|| aca||aabn | a|a d
040 ## - CATALOGING SOURCE
- Original cataloging agency:
OSt
- Transcribing agency:
OSt
100 ## - HEADING--PERSONAL NAME
- Personal name:
Staf of New York institute of Finance
670 ## - SOURCE DATA FOUND
- Source citation:
Work cat.: (OSt)2171: Staf of New York institute of Finance, How the Bond Market Works, 1997